000 00597nam a2200217 a 4500
001 1079
003 BR-CuiBMT
005 20231128153638.0
008 231128s1999 spb 001 0 por d
040 _aBR-CuiBMT
_cBR-CuiBMT
080 _22007
_a347.74:336.745
090 _a347.74:336.745
_bC834c
100 1 _aCoser, José Reinaldo
245 _aContratos em dólar /
_cJosé Reinaldo Coser.
260 _aLeme,SP :
_bLED,
_c1999.
300 _a184 p.:
_c21 cm
504 _aInclui bibliografia e índice.
650 _aContratos em dólar
650 _aDireito comercial
942 _2udc
_cLV
999 _c1079
_d1079